00273nam a2200097Ia 4500008004000000082001700040100002000057245005700077260003300134300000800167210210b1977 xxu||||| |||| 00| 0 eng d a344.072 SABK aSABHAHIT (G N). aKarnataka private educational institutions act,1975. aDharwadbJagrut bharatc1977 a136